00825mam a2200241u 45000010005000000030008000050050017000130080041000300350020000710350023000910350018001140350017001320400042001490410008001910820027001991000021002262450090002472460066003372600063004033000021004666500042004876500054005293820BD-RjUL20211208233804.0131221t1966 ncu 000 0 eng u a(OCoLC)19441288 a(OCoLC)ocm19441288 a(BD-RjUL)3854 a(NNC)2562354 cMLLdm.c.dNNCdBD-RjULaBD-RjULbeng aeng04216a 338.88 bKUS 19661 aKust, Matthew J.10aSupplement to Foreign enterprise in India :blaws and policies /cby Matthew J. Kust.3 aSupplement to foreign enterprise in India : laws and policies aChapel Hill :bUniversity of North Carolina Press,cc1966. a108 p. ;c23 cm. 0aBusiness enterprises, ForeignzIndia. 0aInvestments, ForeignxLaw and legislationzIndia.